000 00652nam a2200277Ia 4500
005 20260324130152.0
008 008 260324s9999 xx 000 0 eng d
020 _a9780429249563
037 _aEBOOK
040 _aCRL
040 _beng
040 _cCRL
041 _2eng
041 _aeng
084 _qCRL
100 _aBrian J Lukey; Victoria Tepe
_91180764
245 0 _aBiobehavioral Resilience to Stress
260 _bTaylor and Francis
260 _c2008
365 _a
365 _b230
856 _uhttp://www.taylorfrancis.com/books/9780429249563
942 _cEBOOK
999 _c1776698
_d1776698